Integrály = Integrals : geometrické aplikácie určitého integrálu. II. diel /

Gespeichert in:
Bibliographische Detailangaben
Hauptverfasser: Olejár, Marián sr. Sr (VerfasserIn), Olejár, Marián Mgr, Jr (VerfasserIn)
Format: Buch
Sprache:Slowakisch
Veröffentlicht: Bratislava : Young Scientist, [2008]
Ausgabe:[1. vyd.]
Schriftenreihe:Zbierka vyriešených príkladov zväzok 26
Schlagworte:
ISBN:8088792452
Online-Zugang: Volltext
Tags: Tag hinzufügen
Keine Tags, Fügen Sie den ersten Tag hinzu!

MARC

LEADER 00000nam a2200000 4500
003 SK-BrCVT
005 20220621162652.0
008 091208s2008 xo e ||||||slo d
020 |a 8088792452 
035 |a CVTIDW1514806 
040 |b slo  |a CVTI SR  |e AACR2 
041 0 |a slo 
044 |a xo 
080 |a 514.763.63  |2 UDC-MRF 
080 |a 517.38  |2 UDC-MRF 
100 1 |a Olejár, Marián  |4 aut  |c sr.  |c Sr 
245 1 0 |a Integrály =  |b Integrals : geometrické aplikácie určitého integrálu.  |n II. diel /  |c Marián Olejár, Marián Olejár Jr. 
250 |a [1. vyd.] 
260 |a Bratislava :  |b Young Scientist,  |c [2008] 
300 |a 80 s. :  |b grafy ; 
490 1 |a Zbierka vyriešených príkladov  |v zväzok 26 
500 |a 100 vyriešených príkladov 
653 1 |a určitý integrál  |a plošný obsah 
655 4 |a cvičebnice 
700 1 |a Olejár, Marián  |4 aut  |c Mgr,  |c Jr 
760 1 |t Zbierka vyriešených príkladov 
910 |b A609458 
919 |a 80-88792-45-2 
974 |f Knihy 
992 |a ACV 
999 |c 151780  |d 151780